GUIA DE LA SECCION DE FONDOS ESPECIALES /

Guardado en:
Detalles Bibliográficos
Autor corporativo: Biblioteca Publica del Estado de Jalisco
Formato: Libro
Publicado: Guadalajara, México : U. DE G., 1984
Colección:(CUADERNOS BIBLIOTECOLOGICOS)
Temas:
Etiquetas: Agrega una etiqueta
Sin etiquetas, Sé el primero en etiquetar este registro!

MARC

LEADER 00000nam^a2200000^a^4500
001 000229953
005 20250521000000.0
009 20260310104418.375
035 |a 050200 
037 |a Acervo Xavier Clavigero 
082 |a 026.  |b GUI 
110 |a Biblioteca Publica del Estado de Jalisco 
245 1 0 |a GUIA DE LA SECCION DE FONDOS ESPECIALES /  |c BIBLIOTECA PUBLICA DEL ESTADO DE JALISCO 
264 1 |a Guadalajara, México :  |b U. DE G.,  |c 1984 
300 |a 40 p. 
336 |a texto  |b txt  |2 rdacontenido 
337 |a sin mediación  |b n  |2 rdamedio 
338 |a volumen  |b nc  |2 rdasoporte 
440 1 |a (CUADERNOS BIBLIOTECOLOGICOS) 
649 |a XX 
650 |a Bibliotecas -  |x Colecciones Especiales 
910 |a Fondo General 
920 |a Impresos - Libros 
930 |a Colección General 
905 |a 101 
901 |a 050200  |b IT1  |c ACC  |i 050200  |u 20250521 
902 |a https://opac.biblio.iteso.mx/vufind/Record/000229953